000 00825nas a2200253Ia 4500
001 R703/49231
003 IT-RoPAU
008 151124c99999999xx |||||||||||| ||und||
040 _aIT-RoPAU
040 _cIT-RoPAU
041 _aFRANCESE
100 _aBoudon Pierre
_gCodice Aut. SPICS: 11833
210 _aSEMIOTICA
222 _aSemiotica
245 _aSEMIOTICA, VOL.07-N.3 (1973)
_bRecherches Semiotiques Sur Le Lieu
250 _a1a ed.
260 _aTHE HAGUE
_bMOUTON
_c1973
501 _bPaulus - SPICS - Società San Paolo EM (non-commercial uses only)
_cCopyright2015
300 _a37 p. [189-225]
362 _aVOL.07, N.03 (1973)
500 _aRicerche Semiotiche Sul Luogo. per una Prima e Seconda Concezione Paradigmatica dei Luoghi.
650 _aSEMIOTICA
_vPUBBLICAZIONE PERIODICA
942 _cCR
999 _c182249
_d182249